|
|
|
|
| LEADER |
01422nam a2200397 a 4500 |
| 001 |
nkc20081835598 |
| 003 |
CZ PrNK |
| 005 |
20120117132148.0 |
| 007 |
ta |
| 008 |
081212s2008 xr a f 001 0 eng |
| 015 |
|
|
|a cnb001835598
|
| 020 |
|
|
|a 978-80-87168-07-3
|q (Kernberg ;
|q brož.) :
|c Kč 249,00
|
| 035 |
|
|
|a (OCoLC)757675336
|
| 040 |
|
|
|a ABA001
|b cze
|
| 072 |
|
7 |
|a 51
|x Matematika
|2 Konspekt
|9 13
|
| 080 |
|
|
|a 510.6
|2 MRF
|
| 080 |
|
|
|a (048.8)
|2 MRF
|
| 100 |
1 |
|
|a Demlová, Marie,
|d 1949-
|7 jk01022201
|4 aut
|
| 245 |
1 |
0 |
|a Mathematical logic /
|c Marie Demlová
|
| 260 |
|
|
|a Davle :
|b Kernberg ;
|a Praha :
|b Alfa Nakladatelství,
|c 2008
|
| 300 |
|
|
|a 226 s. :
|b il. ;
|c 21 cm
|
| 490 |
1 |
|
|a Basic
|
| 500 |
|
|
|a 300 výt.
|
| 504 |
|
|
|a Obsahuje bibliografii a rejstřík
|
| 650 |
0 |
7 |
|a matematická logika
|7 ph122671
|2 czenas
|
| 650 |
0 |
9 |
|a mathematical logic
|2 eczenas
|
| 655 |
|
7 |
|a monografie
|7 fd132842
|2 czenas
|
| 655 |
|
9 |
|a monographs
|2 eczenas
|
| 830 |
|
0 |
|a Basic
|0 s
|
| 856 |
4 |
1 |
|u http://www.digitalniknihovna.cz/mzk/uuid/uuid:4f61ed60-cafb-11e8-bbaa-005056827e52
|y Digitalizovaný dokument
|x NDK
|
| 910 |
2 |
|
|a BOA001
|b 2-1274.828
|
| 990 |
|
|
|a BK
|
| 995 |
|
|
|a 01
|
| 991 |
|
|
|b 201201
|e n
|j 51 DEM
|
| 996 |
6 |
|
|b 2610496550
|c 2-1274.828
|l MZK
|r Sklad / do 1 hodiny
|n 0
|p p.v.
|w 001219958
|u 000010
|a 1
|e BOA001
|j MZK50
|s P
|
| 996 |
7 |
|
|b 2610496551
|c 2-1274.828
|l MZK
|r Sklad / do 1 hodiny
|n 1
|p p.v.
|w 001219958
|u 000020
|a 1
|e BOA001
|j MZK50
|s A
|